LEADER 01017nam a2200253 i 4500 001 000000039681 003 CaOOAMICUS 005 20101116000000.0 008 101116s1993 it u000 u ita u 013 $a10837 020 $a88-7023-177-1 040 $aSeMil$bita 100 1 $aNegri, Anna Maria.$0(OLS)http://semarc/name/19293 245 10$aMons. Carlo Colombo fra Chiesa e società /$cAnna Maria Negri. 260 $aMilano :$bNED,$ccopyr. 1993. 300 $a323 p. ;$c21 cm. 500 $aDedica autografa dell'autrice. Contiene bibliografia su e di Carlo Colombo. 600 14$aColombo, Carlo .$0(OLS)http://semarc/subject/8224 850 $aSeMil 852 $aSeMil$W1$xVenegono$y1$m3J I 250$j5836$B5836$CSeMilBibl$Z2$F5836 $81 961 $aOmaggio: Autore 996 $6020$a88-7023-177-1$9(OLS)http://semarc/number/9464 996 $6245$aMons. Carlo Colombo fra Chiesa e società$9(OLS)http://semarc/title/56646 996 $6260$aMilano :$bNED$9(OLS)http://semarc/publisher/30187 LEADER 01053nam a2200253 i 4500 001 000000115396 003 CaOOAMICUS 005 20030521000000.0 008 030521s2000 it u000 u ita u 013 $a88085 040 $aSeMil$bita 100 1 $aFusi Pecci, Odo,$c.$0(OLS)http://semarc/name/28213 245 10$aConferenza Episcopale Marchigiana :$bcenni storici /$cOdo Fusi-Pecci. 260 $aSenigallia :$b[s.n.],$c2000. 300 $a122 p. ;$c24 cm. 500 $aFondo Card. C.M. Martini. 650 4$aMarche - Conferenza Episcopale - Storia.$0(OLS)http://semarc/subject/21121 650 4$aConferenza Episcopale Marchigiana - Storia.$0(OLS)http://semarc/subject/21122 850 $aSeMil 852 $aSeMil$W1$xVenegono$y1$m3B IV 27$j70920$B70920$CSeMilBibl$Z2$F87517 $81 941 1 $a4 961 $aOmaggio: Martini Card. Carlo Maria 996 $6245$aConferenza Episcopale Marchigiana :$bcenni storici$9(OLS)http://semarc/title/169009 996 $6260$aSenigallia :$b[s.n.]$9(OLS)http://semarc/publisher/40141